00000000nam 2200000zi 4500
0019.561036
003CaOODSP
00520221221140405
007cr |||||||||||
008150406s2000    xxc|||||o    f|0| 0 eng d
040 |aCaOODSP|beng
043 |an-cn---
0861 |aJ3-4/02-6E-PDF
1001 |aCameron, Donald, |eauthor.
24510|aGlobalization triumphant or globalization in retreat : |bimplications for Canada / |cDonald Cameron, Janice Gross Stein; Research and Statistics Division.
24610|aImplications for Canada
264 1|aOttawa, Ontario : |bJustice Canada, |c2000.
300 |a1 online resource (1 volume (14 pages))
336 |atext|btxt|2rdacontent
337 |acomputer|bc|2rdamedia
338 |aonline resource|bcr|2rdacarrier
4901 |aStrategic issues series ; |vrp02-6E
590 |a06-13-Supp|b2006-12-15
69007|aGlobalization|2gcpds
7101 |aCanada.|bJustice Canada, |eissuing body.
77508|tLa mondialisation s'impose ou la mondialisation bat en retraite : |w(CaOODSP)9.593651
830#0|aStrategic issues series ;|vrp02-6E|w(CaOODSP)9.505111
85640|ahttp://publications.gc.ca|qPDF|s77 KB|uhttps://publications.gc.ca/collections/Collection/J3-4-02-6E.pdf|yrp02-6E